000 00555nam a22002057a 4500
001 29243
003 BD-RjUL
005 20211209051404.0
008 140402s2013 bg |||| |||| 00| 0 eng d
035 _a(BD-RjUL)29328
040 _aBD-RjUL
_beng
_cBD-RjUL
041 _aeng
082 0 4 _221
_a305.8
_bRAT 2013
100 1 _aRahman, Atiqur.
_913136
245 1 0 _aThey are not indigenous /
_cAtiqur Rahman.
260 _aDhaka :
_bPorbat Prokasoni,
_c2013.
300 _a187 p. :
_bill. ;
_c21 cm.
650 0 _aIndigenous peoples.
_989275
942 _2ddc
_cBK
999 _c29243
_d29243